000 00560nam a2200193Ia 4500
003 GCL
008 140319s9999 xx 000 0 ara d
040 _aGCL /
_cGCL
082 0 4 _a740
_bم ف
100 1 _aمحيى الدين طالو
245 1 0 _aالفنون الزخرفية /
_cمحيى الدين طالو
260 _a[S.N] :
_bدار دمشق للنشر والتوزيع والطباعة ،
_c1993
300 _a292 ص
490 _a
650 0 4 _aالفن
650 0 4 _aالزخرفة
650 0 4 _aالفن الزخرفى
942 _2ddc
_cBK
999 _c35757
_d35757